| 000 | 01311nac a22003617a 4500 | ||
|---|---|---|---|
| 001 | BR8600064 | ||
| 003 | BR-BrBNA | ||
| 005 | 20240105120348.0 | ||
| 008 | 230509b bl.|||m| |||| 00| 0 por d | ||
| 040 |
_aBR-BrBNA _bpor _cBiblioteca Nacional de Agricultura |
||
| 072 | _aF01 | ||
| 090 | _a1930 BR8600064 | ||
| 100 | 1 | _aSilva, V.M. da | |
| 100 | 1 | _aFernandes, A. de P.M. | |
| 100 | 1 | _aSantos, D.C. dos | |
| 100 | 1 | _aFarias, I. | |
| 100 | 1 | _aLira, M. de A. | |
| 110 | 1 |
_aEmpresa Pernambucana de Pesquisa Agropecuaria, Recife, PE (Brasil) _94262 |
|
| 245 | 1 | _aAvaliacao de metodos de desmatamento na formacao de pastagem de capim buffel (Cenchrus ciliaris cv. Gayndah), no sertao de Pernambuco | |
| 246 | 1 | _a[Evaluation of deforestation methods in the formation of buffel grass pastures (Cenchrus ciliaris cv. Gayndah)in the hinterlands of Pernambuco] | |
| 260 | 3 |
_aRecife, PE (Brasil): _c1985. |
|
| 300 | _a7 p. | ||
| 490 |
_aComunicado Tecnico - Empresa Pernambucana de Pesquisa Agropecuaria (Brazil) _vno. 25 _x |
||
| 650 | _aCAPIM BUFFEL | ||
| 650 | _aDESMATAMENTO | ||
| 650 | _aIMPLANTACAO DE CULTURA | ||
| 650 | _aPASTAGEM | ||
| 650 | _aPLANTIO | ||
| 650 | _aZONA SEMI-ARIDA | ||
| 650 | _aPERNAMBUCO | ||
| 909 |
_a202312 _bLúcia Elande _c55 _dLúcia Elande |
||
| 942 |
_2AGRIS _n0 _cMS |
||
| 999 |
_c279070 _d279070 |
||